<?xml version="1.0" encoding="UTF-8"?><collection xmlns="info:lc/xmlns/marcxchange-v2"><record format="Unimarc" type="bibliographic"><leader>00630nam  2200205   450 </leader><controlfield tag="001">1307037</controlfield><controlfield tag="003">http://id.bnportugal.gov.pt/bib/porbase/1307037</controlfield><datafield ind1=" " ind2=" " tag="010"><subfield code="a">0-19-860634-6</subfield></datafield><datafield ind1=" " ind2=" " tag="035"><subfield code="a">(bn)1307037</subfield></datafield><datafield ind1=" " ind2=" " tag="100"><subfield code="a">20041227d2004    m  y0pory0103    ba</subfield></datafield><datafield ind1="0" ind2=" " tag="101"><subfield code="a">eng</subfield></datafield><datafield ind1=" " ind2=" " tag="102"><subfield code="a">GB</subfield><subfield code="a">US</subfield></datafield><datafield ind1=" " ind2=" " tag="106"><subfield code="a">r</subfield></datafield><datafield ind1="1" ind2=" " tag="200"><subfield code="a">?The?concise oxford chronology of english literature</subfield><subfield code="f">ed. Michael Cox</subfield></datafield><datafield ind1=" " ind2=" " tag="205"><subfield code="a">1st ed</subfield></datafield><datafield ind1=" " ind2="9" tag="210"><subfield code="a">Oxford</subfield><subfield code="c">University Press</subfield><subfield code="d">2004</subfield></datafield><datafield ind1=" " ind2=" " tag="215"><subfield code="a">XIV, 823 p. a 2 colns</subfield></datafield><datafield ind1=" " ind2=" " tag="675"><subfield code="a">821.111A/Z.09"14/19"(01)</subfield><subfield code="v">BN</subfield><subfield code="z">por</subfield><subfield code="3">1210724</subfield></datafield><datafield ind1=" " ind2=" " tag="675"><subfield code="a">013(410)"14/19"</subfield><subfield code="v">BN</subfield><subfield code="z">por</subfield><subfield code="3">1210725</subfield></datafield><datafield ind1=" " ind2="1" tag="702"><subfield code="a">Cox</subfield><subfield code="b">Michael</subfield><subfield code="f">1948-</subfield><subfield code="4">340</subfield><subfield code="3">2195235</subfield></datafield><datafield ind1=" " ind2=" " tag="966"><subfield code="l">BN</subfield><subfield code="m">FGMON</subfield><subfield code="s">B. 13091 V.</subfield><subfield code="x">5</subfield></datafield></record></collection>